000
00335nam a2200121Ia 4500
008
151001s9999||||xx |||||||||||||| ||und||
100
_a
Thomas Edwards
245
3
_a
An Indian Day
260
_b
Penguin Books
260
_c
1938
300
_a
276
365
_b
7
999
_c
949976
_d
949973